| 000 | 00544cam a2200205 a 4500 | ||
|---|---|---|---|
| 020 | _a0027006409 : | ||
| 040 | _cDLC | ||
| 082 | 0 | 0 | _a590 MAC 1990 A032 Or. |
| 100 | 1 | _aAltman, Joyce. | |
| 245 | 1 | 0 | _aDear Bronx Zoo / |
| 250 | _a1st ed. | ||
| 260 |
_aNew York : _bMacmillan, _cc1990. |
||
| 300 |
_a156 p. : _bill. ; _c24 cm. |
||
| 520 | _aDescribes the activities at the Bronx Zoo and introduces the animals on display. | ||
| 650 | 0 | _aZoo animals | |
| 650 | 1 | _aZoos. | |
| 650 | 1 | _aZoo animals. | |
| 700 | 1 | _aGoldberg, Sue. | |
| 942 | _cEK | ||
| 999 |
_c11795 _d11795 |
||